| 000 | 01311nas1a22003731 4500 | ||
|---|---|---|---|
| 001 | RU\NLR\INFOCOMM6\1000365708 | ||
| 005 | 20250807185528.0 | ||
| 035 | _a(NLR Aleph) 002482178 | ||
| 090 |
_a868 _c868 |
||
| 100 | _a20250807 rusy50 | ||
| 101 | 0 | _arus | |
| 102 | _aRU | ||
| 110 | _azyu||||0|y0 | ||
| 200 | 1 |
_aАрхитектура СССР _eСборник Союза сов. архитекторов |
|
| 210 |
_aМ. _d1942-1947 |
||
| 311 | _aВыходит взамен одноименного журнала | ||
| 711 | 0 | 2 |
_aСоюз архитекторов СССР _3RU\NLR\AUTH\889981573 |
| 801 | 1 |
_aRU _bInfoComm _c20031204 |
|
| 801 | 0 |
_aRU _bNLR _gPSBO |
|
| 852 |
_aNLR _jП32/14 |
||
| 942 | _cSE | ||
| 945 | _aРоссийская национальная библиотека | ||
| 980 | _aNB | ||
| 980 | _aBV | ||
| 980 | _aRUSPER | ||